[Event "25th Abu Dhabi Masters"]
[Site "Abu Dhabi UAE"]
[Date "2018.08.11"]
[Round "5.3"]
[White "Wang Hao"]
[Black "Maghsoodloo, Parham"]
[Result "1-0"]
[WhiteElo "2711"]
[BlackElo "2636"]
[PlyCount "73"]
[EventDate "2018.08.07"]
[EventType "swiss"]
[EventRounds "9"]
[EventCountry "UAE"]
[SourceTitle "The Week in Chess 1240"]
[Source "Mark Crowther"]
[SourceDate "2018.08.13"]
[SourceVersion "1"]
[SourceVersionDate "2018.08.13"]
[SourceQuality "2"]

1. c4 g6 2. Nc3 Bg7 3. d4 e6 4. Nf3 Ne7 5. Bf4 O-O 6. Qd2 d5 7. e3 a6 8. Rc1
dxc4 9. Bxc4 Nbc6 10. h4 h6 11. a3 b6 12. b4 Bb7 13. d5 exd5 14. Nxd5 Ne5 15.
Bxe5 Nxd5 16. O-O Bxe5 17. Nxe5 Qd6 18. f4 Rad8 19. Rfd1 Qf6 20. Qf2 Ba8 21. e4
Qxf4 22. Qxf4 Nxf4 23. Bxf7+ Kh8 24. Nxg6+ Nxg6 25. Rxd8 Rxd8 26. Bxg6 Kg7 27.
Bf5 c6 28. Kf2 Kf6 29. Ke3 Ke5 30. g4 Rd4 31. g5 hxg5 32. hxg5 c5 33. bxc5 Bxe4
34. Bxe4 Rxe4+ 35. Kf3 Kf5 36. cxb6 Rh4 37. Rb1 1-0

[Event "EU-ch 12th"]
[Site "Aix les Bains"]
[Date "2011.03.24"]
[Round "3"]
[White "Wojtaszek, Radoslaw"]
[Black "Buhmann, Rainer"]
[Result "1-0"]
[WhiteElo "2711"]
[BlackElo "2590"]
[PlyCount "67"]
[EventDate "2011.03.22"]
[EventType "swiss"]
[EventRounds "11"]
[EventCountry "FRA"]
[SourceTitle "CBM 142 Extra"]
[Source "ChessBase"]
[SourceDate "2011.06.27"]
[SourceVersion "1"]
[SourceVersionDate "2011.06.27"]
[SourceQuality "1"]
[TimeControl "40/5400+30:1800+30"]

1. d4 d5 2. c4 c6 3. Nf3 Nf6 4. e3 e6 5. Bd3 dxc4 6. Bxc4 c5 {Retombe sur un
gambit dame accepté, les deux camps ayant perdu un tempo} 7. O-O a6 8. Qe2 {
Ressemble un peu à la variante Furman} (8. Bb3 {La grande mode depuis quelques
années} b5 9. Qe2) 8... Nc6 (8... b5 {La grande ligne}) 9. Rd1 (9. dxc5 Bxc5
10. e4 b5 11. e5 (11. Bb3) (11. Bd3) 11... bxc4 12. exf6 gxf6 13. Qxc4 Qb6 14.
Nc3 Qb4 $1 15. Qe2 Be7 16. h3 (16. Rd1 Qg4 {Suetin}) 16... Bb7 17. a3 Qa5 18.
Bf4 Rg8 19. Bg3 Qh5 20. Rfe1 Rd8 21. Rad1 Rxd1 22. Qxd1 Nd8 $132 {Furman,
S-Suetin,A URS-ch27th sf  1959 0-1}) 9... cxd4 (9... b5 10. dxc5 Qc7 11. Bb3 (
11. Bd3)) 10. exd4 (10. a4 Be7) 10... Be7 11. Nc3 O-O 12. Bg5 $32 (12. Bb3 Na5
$132) 12... Nb4 13. Ne5 (13. Bb3) (13. a4) 13... b5 14. Bb3 Bb7 15. Nxf7 $5
$146 (15. a4 bxa4 {Szymczak,Z (2400)-Kolasinski,M (2305) Naleczow op 1989 1-0})
15... Rxf7 16. Qxe6 Qf8 17. Re1 Nc6 18. Bxf6 (18. Rad1) 18... Bxf6 19. Ne4 Na5
(19... Bxd4 20. Qd7 $18 (20. Ng5 $40)) (19... Nxd4 $2 20. Nxf6+) 20. Nxf6+ gxf6
21. Qxf7+ Qxf7 22. Bxf7+ Kxf7 23. Rac1 $16 {White has a clear edge. The
general rule is that without Q, a R+2 P are strongers that a B+N when the R
have enough open Files (Delchev: The Modern Reti)} Bd5 24. Rc7+ Kg6 25. b3 Nc6
26. Rd7 Nb4 27. Re3 (27. a3 $2 Nc2) 27... Rc8 28. h4 Rc1+ 29. Kh2 Bc6 (29...
Ra1 $132) 30. Rg3+ Kf5 31. Rxh7 Nd5 32. h5 Rc2 33. h6 Rxf2 34. Rhg7 1-0

[Event "EU-ch 12th"]
[Site "Aix les Bains"]
[Date "2011.04.01"]
[Round "10"]
[White "Wojtaszek, Radoslaw"]
[Black "Khairullin, Ildar"]
[Result "1-0"]
[WhiteElo "2711"]
[BlackElo "2634"]
[PlyCount "85"]
[EventDate "2011.03.22"]
[EventType "swiss"]
[EventRounds "11"]
[EventCountry "FRA"]
[SourceTitle "CBM 142 Extra"]
[Source "ChessBase"]
[SourceDate "2011.06.27"]
[SourceVersion "1"]
[SourceVersionDate "2011.06.27"]
[SourceQuality "1"]
[TimeControl "40/5400+30:1800+30"]

1. d4 Nf6 2. c4 e6 3. Nc3 Bb4 4. Nf3 b6 (4... c5) 5. e3 (5. Bg5) 5... Bb7 6.
Bd3 O-O (6... Ne4 7. O-O Bxc3 8. bxc3 O-O (8... Nxc3 9. Qc2 Bxf3 10. gxf3 Qg5+
11. Kh1 Qh5 $13)) (6... c5) 7. O-O d5 (7... Bxc3 8. bxc3 Ne4 9. Ne1 f5 10. f3
Ng5) 8. cxd5 (8. a3 Bd6) 8... exd5 9. a3 Bd6 $1 10. b4 a6 (10... Nbd7 11. Nb5
Be7 12. Ne5 a6 13. Nc3 c5 $132 {Alatortsev,V-Botvinnik,M Leningrad masters 1
1932 (3) 0-1}) 11. Qb3 Qe7 (11... Nbd7) 12. Rb1 (12. b5 $5 axb5 13. Nxb5 Nbd7
14. Bb2 (14. a4 c5 15. Nxd6) 14... c5 15. Nxd6 Qxd6) 12... Nbd7 13. a4 Rfb8 $6
$146 (13... Ne4 14. Bb2 Ndf6 15. b5 a5 16. Rbd1 Nxc3 17. Bxc3 Ne4 18. Bb2 Rad8
19. Ne5 Kh8 20. Qc2 f6 21. Nf3 Bc8 22. Ne1 f5 23. g3 Rf6 24. Nf3 Rdf8 25. Ne5
Rh6 26. f3 Ng5 27. Qg2 Nh3+ 28. Kh1 {Petrosian,T (2605)-Browne,W (2590)/
Tilburg 1982/1-0 (42)}) (13... c6) (13... Rfe8 {Plus naturel} 14. b5 axb5 15.
axb5 Ne4 $132 {Onischuk,A (2641)-Kasimdzhanov,R (2674) FIDE GP Moscow rapid
2002 (3.4) 0-1}) 14. b5 $1 axb5 15. axb5 g6 16. h3 h6 17. Re1 Ra7 18. Bb2 Qe6
19. Nd2 Rba8 {Les Noirs ont perdu un tempo avec 13. Rfb8 qui n'était pas trés
utile} 20. Qc2 Bf8 21. e4 $1 $14 {Les R noires manquent de cases de
pénétration sur la colonne "a"} dxe4 22. Ndxe4 (22. Bc4) 22... Bxe4 (22... Nxe4
$5 23. d5 Qf5 24. Nxe4 Ne5 $1 $13) 23. Nxe4 Bg7 24. Bc4 $36 {Les pièces
Blanches commencent à s'activer} Qf5 25. g4 $1 Qf3 26. Re3 Qf4 27. Ng3 Nf8 28.
Bxf7+ $1 Kh7 (28... Kxf7 29. Qb3+) 29. Bb3 $18 Rd8 30. Rbe1 Rd7 31. Re5 Ra8 32.
Qc4 Rad8 33. R1e4 Qd2 34. Bc3 Qc1+ 35. Kg2 Nd5 36. Ne2 Qa3 37. Nf4 Bxe5 38.
Nxd5 Rxd5 39. Rxe5 c6 40. Bb4 Qa8 41. bxc6 b5 42. Qxd5 Rxd5 43. Bxd5 1-0

[Event "Calvi Balagne rapid KO 11th"]
[Site "Calvi"]
[Date "2014.05.04"]
[Round "3.2"]
[White "Fressinet, Laurent"]
[Black "Bacrot, Etienne"]
[Result "1/2-1/2"]
[WhiteElo "2711"]
[BlackElo "2721"]
[PlyCount "103"]
[EventDate "2014.05.04"]
[EventType "k.o. (rapid)"]
[EventRounds "3"]
[EventCountry "FRA"]
[SourceTitle "CBM 160 Extra"]
[Source "ChessBase"]
[SourceDate "2014.07.01"]
[SourceVersion "1"]
[SourceVersionDate "2014.07.01"]
[SourceQuality "1"]

1. e4 e5 2. Nf3 Nc6 3. Bc4 Bc5 4. c3 Nf6 5. d3 a6 6. Nbd2 O-O 7. Bb3 h6 8. h3
d5 9. exd5 Nxd5 10. Ne4 Bb6 11. Bxh6 Be6 12. Bd2 Na5 13. Bc2 f6 14. c4 Nf4 15.
Bxf4 exf4 16. c5 Ba7 17. b4 Nc6 18. Bb3 Qd7 19. a3 Rad8 20. O-O Bf7 21. Bxf7+
Rxf7 22. Qd2 Qf5 23. Rad1 Rfd7 24. Qe2 b6 25. Rfe1 bxc5 26. bxc5 Nd4 27. Nxd4
Rxd4 28. Qc2 f3 29. Re3 fxg2 30. Rg3 c6 31. Qb3+ Kh8 32. Rg4 Qd5 33. Qb7 Qd7
34. Qxa6 Rxe4 35. dxe4 Qxd1+ 36. Kxg2 Qd7 37. Rh4+ Kg8 38. Qc4+ Kf8 39. Rh8+
Ke7 40. Rh7 Kf8 41. a4 Re8 42. a5 Qe6 43. Rh8+ Kf7 44. Qxe6+ Rxe6 45. a6 Bxc5
46. Rc8 Rxe4 47. Rxc6 Ba7 48. Rc7+ Re7 49. Rc6 Re2 50. Rc7+ Re7 51. Rc6 Re6 52.
Rc7+ 1/2-1/2

[Event "FIDE World Cup-A"]
[Site "Hyderabad"]
[Date "2002.10.11"]
[Round "2"]
[White "Ivanchuk, Vassily"]
[Black "Vescovi, Giovanni P"]
[Result "1/2-1/2"]
[WhiteElo "2711"]
[BlackElo "2614"]
[PlyCount "27"]
[EventDate "2002.10.05"]
[EventType "tourn"]
[EventRounds "5"]
[EventCountry "IND"]
[EventCategory "16"]
[SourceTitle "CBM 092"]
[Source "ChessBase"]
[SourceDate "2003.02.06"]
[SourceVersion "1"]
[SourceVersionDate "2003.02.06"]
[SourceQuality "1"]

1. e4 e5 2. Nf3 Nc6 3. d4 exd4 4. Nxd4 Bb4+ 5. c3 Be7 6. Bc4 d6 7. Nxc6 bxc6 8.
Qb3 Nf6 9. Bxf7+ Kf8 10. e5 Nd7 11. e6 Nc5 12. Qc2 Nxe6 13. Bh5 g6 14. Be2
1/2-1/2

[Event "Wch Blitz 7th"]
[Site "Khanty-Mansiysk"]
[Date "2013.06.09"]
[Round "16"]
[White "Moiseenko, Alexander"]
[Black "Artemiev, Vladislav"]
[Result "0-1"]
[WhiteElo "2711"]
[BlackElo "2524"]
[PlyCount "80"]
[EventDate "2013.06.09"]
[EventType "swiss (blitz)"]
[EventRounds "30"]
[EventCountry "RUS"]
[SourceTitle "CBM 154 Extra"]
[Source "ChessBase"]
[SourceDate "2013.06.25"]
[SourceVersion "2"]
[SourceVersionDate "2013.06.25"]
[SourceQuality "1"]

1. d4 g6 2. e4 Bg7 3. Nc3 c6 4. h4 h5 5. Bc4 b5 6. Bb3 d6 7. Nf3 Bg4 8. Be3 Nd7
9. Ng5 Bxd1 10. Bxf7+ Kf8 11. Bxg6 Nc5 12. dxc5 Bg4 13. f3 Bd7 14. O-O-O Rh6
15. Bf5 Bxf5 16. exf5 Bxc3 17. bxc3 Qa5 18. Bd4 Qxa2 19. Rhe1 Qa3+ 20. Kb1 b4
21. c4 b3 22. cxb3 Qxb3+ 23. Bb2 Rb8 24. Rd2 Qxc4 25. cxd6 exd6 26. Rde2 Qd3+
27. Kc1 Qxf5 28. g4 Qf4+ 29. Kb1 hxg4 30. fxg4 Rxb2+ 31. Rxb2 Qxg4 32. Rf1+ Rf6
33. Rb8+ Kg7 34. Rxg8+ Kxg8 35. Rxf6 Qb4+ 36. Ka2 Qd2+ 37. Kb3 Qd3+ 38. Ka4
Qc4+ 39. Ka3 Qc3+ 40. Ka4 Qxf6 0-1

[Event "St Petersburg Summer rapid"]
[Site "St Petersburg"]
[Date "2013.09.01"]
[Round "6"]
[White "Alekseev, Evgeny V"]
[Black "Pavlov, Aleksandr"]
[Result "1-0"]
[WhiteElo "2710"]
[BlackElo "2299"]
[PlyCount "71"]
[EventDate "2013.08.31"]
[EventType "swiss (rapid)"]
[EventRounds "11"]
[EventCountry "RUS"]
[SourceTitle "CBM 156 Extra"]
[Source "ChessBase"]
[SourceDate "2013.10.22"]
[SourceVersion "1"]
[SourceVersionDate "2013.10.22"]
[SourceQuality "1"]

1. e4 c5 2. Nf3 d6 3. d4 cxd4 4. Qxd4 a6 5. h3 Nc6 6. Qe3 g6 7. Be2 Bg7 8. O-O
Nf6 9. c4 O-O 10. Nc3 Be6 11. Rd1 Nd7 12. b3 Nc5 13. Bb2 f5 14. exf5 Bxf5 15.
Rd2 a5 16. Nd5 Bxb2 17. Rxb2 Be4 18. Rd1 Nb4 19. Nc3 Bf5 20. Qh6 Rf7 21. a3 Nc6
22. Ng5 Rg7 23. b4 axb4 24. axb4 Ne6 25. c5 Nxg5 26. Qxg5 Be6 27. Qg3 Ne5 28.
cxd6 exd6 29. Ne4 Rd7 30. Rbd2 Nf7 31. Bb5 Rc7 32. Nxd6 Qf6 33. Ne8 Rxe8 34.
Bxe8 Rc3 35. Bxf7+ Bxf7 36. Qb8+ 1-0

[Event "Zabala Memorial op"]
[Site "Bilbao"]
[Date "2004.10.12"]
[Round "5"]
[White "Ponomariov, Ruslan"]
[Black "Campora, Daniel Hugo"]
[Result "1-0"]
[WhiteElo "2710"]
[BlackElo "2549"]
[PlyCount "113"]
[EventDate "2004.10.12"]
[EventType "swiss (rapid)"]
[EventRounds "7"]
[EventCountry "ESP"]
[SourceTitle "CBM 102 Extra"]
[Source "ChessBase"]
[SourceDate "2004.11.03"]
[SourceVersion "1"]
[SourceVersionDate "2004.11.03"]
[SourceQuality "1"]

1. e4 e5 2. Nf3 Nc6 3. Bb5 Nf6 4. d3 d6 5. c3 Bd7 6. Nbd2 g6 7. O-O Bg7 8. Re1
O-O 9. a4 a6 10. Bc4 Na5 11. Ba2 c5 12. Nf1 Qe8 13. Bg5 Bxa4 14. Bxf7+ Qxf7 15.
Qxa4 Nc6 16. Bxf6 Bxf6 17. Ne3 b5 18. Qa2 Qxa2 19. Rxa2 a5 20. Nd5 Bd8 21. Nd2
Rf7 22. g3 Bg5 23. Nb1 b4 24. Ra4 Raf8 25. Re2 Rf3 26. h4 Bh6 27. Nd2 Bxd2 28.
Rxd2 Kg7 29. Kg2 h5 30. Nb6 R3f7 31. Nc4 Rd7 32. Rd1 Kh6 33. f3 Rb8 34. Raa1
Rb5 35. Kf2 Kg7 36. f4 Kf6 37. Ke3 Ke6 38. Rf1 Rf7 39. f5+ gxf5 40. Rxf5 Rg7
41. Rg5 Rbb7 42. Rf1 a4 43. cxb4 cxb4 44. Ra1 Rxg5 45. hxg5 Rg7 46. Rxa4 Rxg5
47. Ra6 Kd7 48. Kf2 Rg6 49. Ra8 Rf6+ 50. Kg2 Nd4 51. Rh8 Rf3 52. Rh6 Rxd3 53.
Rxd6+ Kc7 54. Rd5 b3 55. Nxe5 Rd2+ 56. Kh3 Nf3 57. Nxf3 1-0

[Event "EU-ch 13th"]
[Site "Plovdiv"]
[Date "2012.03.30"]
[Round "10"]
[White "Riazantsev, Alexander"]
[Black "Macieja, Bartlomiej"]
[Result "1-0"]
[WhiteElo "2710"]
[BlackElo "2605"]
[PlyCount "143"]
[EventDate "2012.03.20"]
[EventType "swiss"]
[EventRounds "11"]
[EventCountry "BUL"]
[SourceTitle "CBM 148"]
[Source "ChessBase"]
[SourceDate "2012.05.16"]
[SourceVersion "1"]
[SourceVersionDate "2012.05.16"]
[SourceQuality "1"]

1. d4 Nf6 2. c4 e6 3. Nf3 d5 4. Nc3 dxc4 5. e4 Bb4 6. Bg5 c5 7. Bxc4 cxd4 8.
Nxd4 Bxc3+ 9. bxc3 Qa5 10. Nb5 Nxe4 11. Bf4 O-O 12. O-O Nc6 13. Bc7 b6 14. Qf3
f5 15. Rfe1 Rf7 16. Bf4 Qa4 17. Rxe4 fxe4 18. Qxe4 Ba6 19. Qxe6 Raf8 20. Qxc6
Bxb5 21. Bxf7+ Rxf7 22. Qa8+ Rf8 23. Qd5+ Rf7 24. Be5 h6 25. Re1 Qc4 26. Qd8+
Kh7 27. Qd2 Rd7 28. Bd4 Re7 29. h3 Rxe1+ 30. Qxe1 Qe2 31. Qb1+ Bd3 32. Qb4 Qxa2
33. Qe7 Qg8 34. Qxa7 b5 35. Qe7 Bc4 36. Qe4+ Kh8 37. Qf4 Kh7 38. Qf5+ Kh8 39.
Qg6 Qh7 40. Qg3 Qg8 41. Qe5 Qf7 42. f4 Kh7 43. f5 Bd5 44. Kh2 Qd7 45. g4 Ba8
46. Kg3 Qb7 47. Qe6 Qc7+ 48. Be5 Qc6 49. Qf7 Qb7 50. Qg6+ Kg8 51. Qe8+ Kh7 52.
Kh4 Qc6 53. Qf7 Qb7 54. Qg6+ Kg8 55. Qe8+ Kh7 56. Bd4 Qc6 57. Qf7 Qb7 58. Qg6+
Kg8 59. Qe8+ Kh7 60. Qf8 b4 61. cxb4 Qd7 62. Qxg7+ Qxg7 63. Bxg7 Kxg7 64. b5
Kf6 65. Kh5 Kg7 66. b6 Bd5 67. g5 hxg5 68. Kxg5 Kf7 69. h4 Bb7 70. h5 Bh1 71.
h6 Bg2 72. f6 1-0

[Event "1st Longtou Cup 2018"]
[Site "Qinhuangdao CHN"]
[Date "2018.05.30"]
[Round "5.4"]
[White "Wang Hao"]
[Black "Peng, Xiongjian"]
[Result "1-0"]
[WhiteElo "2710"]
[BlackElo "2427"]
[PlyCount "91"]
[EventDate "2018.05.26"]
[EventType "swiss"]
[EventRounds "9"]
[EventCountry "CHN"]
[SourceTitle "The Week in Chess 1230"]
[Source "Mark Crowther"]
[SourceDate "2018.06.04"]
[SourceVersion "1"]
[SourceVersionDate "2018.06.04"]
[SourceQuality "2"]

1. c4 c5 2. Nf3 Nc6 3. Nc3 e5 4. e3 Nf6 5. d4 cxd4 6. exd4 e4 7. Ne5 Bb4 8. Be2
Qa5 9. O-O Nxe5 10. dxe5 Qxe5 11. g3 Bxc3 12. Bf4 Qe6 13. bxc3 O-O 14. Bd6 Re8
15. f4 exf3 16. Bxf3 Qxc4 17. Qd2 a5 18. Rae1 Rxe1 19. Rxe1 Ra6 20. Bd5 Qg4 21.
Re7 Qh5 22. Qe1 h6 23. Bxf7+ Qxf7 24. Rxf7 Kxf7 25. Qe7+ Kg6 26. Qf8 b5 27. Be5
Bb7 28. Qb8 Bc6 29. Qd6 Ra8 30. Bxf6 gxf6 31. Qe7 h5 32. a3 Rb8 33. Kf2 b4 34.
cxb4 axb4 35. axb4 Rb5 36. Qf8 Rf5+ 37. Ke3 Re5+ 38. Kd4 Rb5 39. Kc4 Re5 40.
Qg8+ Kf5 41. Qf7 Kg5 42. h3 Re4+ 43. Kc5 Re5+ 44. Kd6 Re1 45. Qg7+ Kf5 46. g4+
1-0

[Event "ch-CHN Blitz 2018"]
[Site "Tianjin CHN"]
[Date "2018.06.08"]
[Round "5.1"]
[White "Wang Hao"]
[Black "Wan Yunguo"]
[Result "1-0"]
[WhiteElo "2710"]
[BlackElo "2499"]
[PlyCount "75"]
[EventDate "2018.06.07"]
[EventType "swiss (blitz)"]
[EventRounds "9"]
[EventCountry "CHN"]
[SourceTitle "The Week in Chess 1231"]
[Source "Mark Crowther"]
[SourceDate "2018.06.11"]
[SourceVersion "2"]
[SourceVersionDate "2018.06.12"]
[SourceQuality "2"]

1. c4 e5 2. Nc3 Nc6 3. Nf3 Nf6 4. e3 Bb4 5. Qc2 Bxc3 6. bxc3 e4 7. Ng5 Qe7 8.
f3 exf3 9. Nxf3 O-O 10. Be2 d6 11. O-O Bg4 12. d3 Ne5 13. Nd4 c5 14. Nf5 Bxf5
15. Rxf5 Qe6 16. e4 Rfe8 17. Bg5 Nfd7 18. Raf1 f6 19. Be3 a6 20. a4 b5 21. axb5
axb5 22. cxb5 Ra2 23. Qd1 c4 24. d4 Ng6 25. R5f2 Qf7 26. Qb1 Ra3 27. Qb4 Rb3
28. Bxc4 Rxb4 29. Bxf7+ Kxf7 30. cxb4 Rxe4 31. Re1 Ne7 32. Rfe2 Nd5 33. Bf2
Rxe2 34. Rxe2 f5 35. Bg3 f4 36. Bxf4 Nxf4 37. Rf2 g5 38. g3 1-0

[Event "Amber-blindfold 02nd"]
[Site "Monte Carlo"]
[Date "1993.03.31"]
[Round "5"]
[White "Anand, Viswanathan"]
[Black "Ivanchuk, Vassily"]
[Result "1/2-1/2"]
[WhiteElo "2710"]
[BlackElo "2710"]
[PlyCount "64"]
[EventDate "1993.03.26"]
[EventType "tourn (rapid)"]
[EventRounds "11"]
[EventCountry "MNC"]
[EventCategory "15"]
[SourceTitle "CBM 034 Extra"]
[Source "ChessBase"]
[SourceDate "1993.07.01"]
[SourceVersion "1"]
[SourceVersionDate "1993.07.01"]
[SourceQuality "1"]

1. e4 e5 2. Nf3 Nf6 3. Nxe5 d6 4. Nf3 Nxe4 5. d4 d5 6. Bd3 Bd6 7. O-O O-O 8. c4
c6 9. Re1 Bf5 10. Qb3 Na6 11. cxd5 cxd5 12. Nc3 Bb4 13. Nxe4 dxe4 14. Bxe4 Bxe1
15. Bxf5 Qa5 16. Be4 Rae8 17. Bxb7 Re6 18. Bd5 Rb6 19. Qc4 Rb4 20. Bxf7+ Rxf7
21. Qc8+ Rf8 22. Qe6+ Kh8 23. Qxe1 Qd5 24. b3 Rbb8 25. Be3 Nb4 26. Qd2 Rfc8 27.
Bf4 Rc2 28. Qe1 Rb6 29. Ng5 Rc8 30. Qd1 Qf5 31. Bd2 Nd5 32. Nf3 Rbc6 1/2-1/2

[Event "Oviedo rapid"]
[Site "Oviedo"]
[Date "1993.??.??"]
[Round "8"]
[White "Anand, Viswanathan"]
[Black "Kharlov, Andrei"]
[Result "1/2-1/2"]
[WhiteElo "2710"]
[BlackElo "2580"]
[PlyCount "93"]
[EventDate "1993.??.??"]
[EventType "swiss (rapid)"]
[EventRounds "13"]
[EventCountry "ESP"]
[SourceTitle "CBM 038 Extra"]
[Source "ChessBase"]
[SourceDate "1994.03.01"]
[SourceVersion "1"]
[SourceVersionDate "1994.03.01"]
[SourceQuality "1"]

1. e4 c5 2. Nf3 Nc6 3. d4 cxd4 4. Nxd4 Nf6 5. Nc3 e5 6. Ndb5 d6 7. Bg5 a6 8.
Na3 Be6 9. Nc4 Rc8 10. Bxf6 Qxf6 11. Nb6 Rb8 12. Ncd5 Qd8 13. c3 Be7 14. Bc4
O-O 15. O-O Bg5 16. Qe2 Qe8 17. Bb3 Bd8 18. Nc4 Qd7 19. Rad1 Kh8 20. Nde3 Bc7
21. Nf5 Bxf5 22. exf5 Qxf5 23. Nxd6 Bxd6 24. Rxd6 Rbd8 25. Rfd1 Nd4 26. Rxd8
Nxe2+ 27. Kf1 Kg8 28. Kxe2 g6 29. R8d7 Qh5+ 30. Kf1 Qxh2 31. Rxb7 Qh1+ 32. Ke2
Qxg2 33. Rdd7 h5 34. Bxf7+ Kh8 35. Kd3 Qf1+ 36. Ke4 Qxf2 37. Be6 Qf4+ 38. Kd5
Qh6 39. c4 e4 40. Kxe4 Re8 41. Kd3 h4 42. c5 Qh5 43. Bg4 Qe5 44. Rh7+ Kg8 45.
Rbg7+ Kf8 46. Rf7+ Kg8 47. Rfg7+ 1/2-1/2

[Event "Las Vegas Millionaire op"]
[Site "Las Vegas"]
[Date "2014.10.11"]
[Round "6"]
[White "Bu, Xiangzhi"]
[Black "Naroditsky, Daniel"]
[Result "1/2-1/2"]
[WhiteElo "2710"]
[BlackElo "2601"]
[PlyCount "290"]
[EventDate "2014.10.09"]
[EventType "swiss"]
[EventRounds "9"]
[EventCountry "USA"]
[SourceTitle "CBM 162 Extra"]
[Source "ChessBase"]
[SourceDate "2014.10.17"]
[SourceVersion "1"]
[SourceVersionDate "2014.10.17"]
[SourceQuality "1"]

1. Nf3 Nf6 2. c4 e6 3. Nc3 d5 4. d4 Bb4 5. Qa4+ Nc6 6. e3 O-O 7. Bd2 dxc4 8.
Bxc4 Bd6 9. h3 Bd7 10. Qc2 e5 11. O-O exd4 12. exd4 Nb4 13. Qd1 c6 14. Bg5 Be7
15. Bxf6 Bxf6 16. Qb3 b5 17. Bxf7+ Rxf7 18. Qxb4 Be6 19. Qc5 Qb6 20. Qxb6 axb6
21. Rfe1 Re7 22. Ne5 b4 23. Nxc6 bxc3 24. Nxe7+ Kf7 25. Nc6 cxb2 26. Rab1 Rc8
27. Rxb2 Rxc6 28. Rd1 Rd6 29. Rdb1 Bxd4 30. Rd2 Ke7 31. Rxd4 Rxd4 32. Rxb6 Ra4
33. Rb7+ Kf6 34. Rb6 Rxa2 35. Rc6 h5 36. Rc5 Bf5 37. Rc6+ Kg5 38. Rb6 Ra1+ 39.
Kh2 Rf1 40. Rb2 g6 41. Ra2 Kf6 42. Rb2 Kg5 43. Ra2 h4 44. Rb2 Be4 45. Rb4 Bc2
46. Rb5+ Kh6 47. Rb4 Kh5 48. Rb5+ g5 49. f3 Bg6 50. Ra5 Kh6 51. Ra6 Rb1 52. Ra4
Rf1 53. Ra6 Re1 54. Rd6 Kg7 55. Rd4 Rf1 56. Rd5 Kf6 57. Rd6+ Kf5 58. g4+ hxg3+
59. Kxg3 Bh5 60. Rd5+ Kf6 61. Rd3 Bf7 62. Rd4 Ke5 63. Re4+ Kf5 64. Rd4 Be6 65.
h4 gxh4+ 66. Rxh4 Bd5 67. Rf4+ Ke5 68. Rf8 Kd4 69. Kg2 Ra1 70. Kf2 Ra3 71. Kg3
Ke5 72. Kf2 Ra7 73. Kg3 Bf7 74. Rb8 Ra3 75. Rb4 Bd5 76. Rf4 Ra8 77. Rg4 Rf8 78.
Rg5+ Kd4 79. f4 Be4 80. Ra5 Ke3 81. Rb5 Rg8+ 82. Rg5 Ra8 83. Rb5 Ra1 84. Rb3+
Bd3 85. Kg4 Rg1+ 86. Kh5 Ke4 87. Kh6 Be2 88. Rb7 Bd3 89. Rg7 Ra1 90. Kg5 Ra5+
91. Kf6 Bc4 92. Rc7 Bd3 93. f5 Kf4 94. Ke7 Bxf5 95. Rc4+ Ke5 96. Rc7 Be4 97.
Kd7 Kd5 98. Ke7 Ke5 99. Kd7 Bd5 100. Ke7 Ra6 101. Kd7 Rh6 102. Ke7 Bc6 103. Kd8
Rh8+ 104. Ke7 Bd5 105. Kd7 Rh6 106. Ke7 Bc6 107. Kd8 Kd6 108. Rd7+ Kc5 109. Re7
Kb6 110. Re5 Rh7 111. Re6 Kc5 112. Re7 Rh6 113. Kc7 Bd5 114. Kd7 Ra6 115. Kc7
Be6 116. Kd8 Kd6 117. Rd7+ Ke5 118. Rb7 Ra8+ 119. Ke7 Rh8 120. Rc7 Kd5 121. Rc1
Rh7+ 122. Kf6 Rf7+ 123. Kg5 Rf2 124. Re1 Rf8 125. Re2 Kd6 126. Re3 Rg8+ 127.
Kf6 Bd5 128. Kf5 Rg1 129. Kf6 Rf1+ 130. Kg5 Be6 131. Kh4 Rg1 132. Rg3 Rh1+ 133.
Kg5 Rh8 134. Kf4 Ke7 135. Ke3 Ra8 136. Rg5 Ra3+ 137. Kd4 Kd6 138. Ke4 Rh3 139.
Kd4 Rh4+ 140. Ke3 Bd5 141. Rg6+ Kc5 142. Rg5 Rh3+ 143. Kf4 Kd4 144. Rg3 Rh8
145. Rg5 Be4 1/2-1/2

[Event "URS Spartakiad-09 Final"]
[Site "Moscow (Russia)"]
[Date "1983.07.24"]
[Round "7"]
[White "Karpov, Anatoly"]
[Black "Beliavsky, Alexander G"]
[Result "1/2-1/2"]
[WhiteElo "2710"]
[BlackElo "2570"]
[PlyCount "68"]
[EventDate "1983.07.23"]
[EventType "team-tourn"]
[EventRounds "5"]
[EventCountry "URS"]
[SourceTitle "EXT 2002"]
[Source "ChessBase"]
[SourceDate "2001.11.25"]
[SourceVersion "1"]
[SourceVersionDate "2001.11.25"]
[SourceQuality "1"]

1. e4 e5 2. Nf3 Nc6 3. Bc4 Nf6 4. Ng5 Bc5 5. Bxf7+ Ke7 6. Bd5 d6 7. c3 Qe8 8.
d4 exd4 9. cxd4 Nxd4 10. Nc3 Qh5 11. Qd3 Rf8 12. b4 Bb6 13. Na4 Nc6 14. Nxb6
axb6 15. Qc3 h6 16. Nf3 Bg4 17. Bxc6 bxc6 18. Nd2 Qb5 19. f3 Be6 20. a3 Rf7 21.
Bb2 Kf8 22. Qc2 Re8 23. Rc1 c5 24. a4 Qa6 25. b5 Qa8 26. O-O d5 27. exd5 Qxd5
28. Qc3 Qg5 29. Ne4 Nxe4 30. fxe4 Kg8 31. Rxf7 Bxf7 32. Re1 Rd8 33. Bc1 Qh4 34.
Bb2 Qg5 1/2-1/2

[Event "Linares cf"]
[Site "Linares"]
[Date "1987.??.??"]
[Round "4"]
[White "Karpov, Anatoly"]
[Black "Sokolov, Andrei"]
[Result "1/2-1/2"]
[WhiteElo "2710"]
[BlackElo "2645"]
[Annotator "ChessBase"]
[PlyCount "83"]
[EventDate "1987.02.??"]
[EventType "match"]
[EventRounds "11"]
[EventCountry "ESP"]
[SourceTitle "Candidates"]
[Source "ChessBase"]
[SourceDate "1999.07.01"]
[SourceVersion "2"]
[SourceVersionDate "1999.07.01"]
[SourceQuality "1"]

1. d4 Nf6 2. c4 e6 3. Nf3 b6 4. g3 Ba6 5. b3 Bb4+ 6. Bd2 Be7 7. Nc3 d5 8. cxd5
Nxd5 9. Nxd5 exd5 10. Bg2 O-O 11. O-O Nd7 12. Rc1 Re8 13. Re1 Bd6 14. Rc2 Nf6
15. Bf4 Bxf4 16. gxf4 Qd6 17. Qc1 $1 c5 18. Qa3 Bb7 19. dxc5 bxc5 20. Ne5 Nd7
$1 21. Rec1 (21. Nxd7 Qxd7 22. Rxc5 d4 $44) 21... Nxe5 22. fxe5 Qg6 23. Qxc5 d4
(23... Rxe5 $4 24. Qb5 $1 Rg5 25. Rc8+ $18) 24. f3 d3 25. exd3 Qxd3 26. Rc3 Qf5
27. Qb5 Rab8 28. Re1 h6 29. Qd3 $14 Rxe5 30. Qxf5 Rxf5 31. Re7 a5 32. Kf2 g5
33. Kg3 Kf8 34. Rec7 Kg7 35. R3c5 Rxc5 36. Rxc5 Ra8 37. Bf1 a4 38. Bc4 axb3 39.
Bxb3 Rd8 40. Rc3 Kg6 41. Bxf7+ Kxf7 42. Rc7+ 1/2-1/2